Optimalizácia cieľov riadenia montážneho systému s použitím Witness : Diplomová práca

Gespeichert in:
Bibliographische Detailangaben
1. Verfasser: Kubatka, Juraj (Verfasst von)
Weitere Verfasser: Važan, Pavel (xxx)
Format: Manuskript Buch
Sprache:Slowakisch
Veröffentlicht: Trnava : STU v Bratislave MtF KAIA, 2004
Schlagworte:
Tags: Tag hinzufügen
Keine Tags, Fügen Sie das erste Tag hinzu!

MARC

LEADER 00000ntm a22000003a 4500
001 stu89235
005 20160719154714.5
008 040727s2004----xo------------------slo-d
040 |a STU  |b slo 
041 0 |a slo 
044 |a xo 
100 1 |a Kubatka, Juraj  |4 aut 
245 1 |a Optimalizácia cieľov riadenia montážneho systému s použitím Witness :  |b Diplomová práca 
260 |a Trnava :  |b STU v Bratislave MtF KAIA,  |c 2004 
300 |a 93 s  |c príl (CD) 
650 7 |a aplikovaná informatika a automatizácia v priemysle  |2 stusub 
700 1 |a Važan, Pavel  |4 xxx 
996 |b 284M059915  |c M*DP-5174  |l MMSKP  |s P  |a 0  |w stu89235_0001